| 000 | 00992cad a22002295a 4500 | ||
|---|---|---|---|
| 001 | L150628 | ||
| 008 | 100805s2010 xxk f 000 0 eng d | ||
| 020 | _a9780717624881 | ||
| 035 | _a(Sirsi) u150628 | ||
| 041 | 0 | _aeng | |
| 110 | 2 |
_aGreat Britain _bHealth and Safety Executive |
|
| 245 | 0 | 0 |
_aManagement of health and safety at work _bManagement of Health and Safety at Work Regulations 1999 _bApproved Code of Practice & guidance _h[electronic resource] |
| 250 | _a2nd ed. | ||
| 260 |
_aHSE _c2000 |
||
| 490 | 0 |
_aHSE Approved Code of Practice and Guidance _v(L21) |
|
| 520 | _aAdvice on how to comply with duties under the Management of Health and Safety at Work regulations 1999. (web friendly version of L21) | ||
| 650 | 2 | 4 | _aMANAGEMENT OF HEALTH AND SAFETY AT WORK REGULATIONS 1999 |
| 651 | 4 |
_aGreat Britain _y1707- |
|
| 690 |
_aHealth and safety _96244 |
||
| 856 | 4 | 0 |
_uhttps://www.hse.gov.uk/pubns/priced/l21.pdf _zView the guidance free of charge at www.hse.gov.uk |
| 942 | _n0 | ||
| 999 |
_c110927 _d110927 |
||